Freud y el Talmud : seguido de Crítica de los fundamentos de la psicopatología /

Obra que reune dos trabajos de análisis crítico del psicólogo argentino Alberto L. Merani (1918-1984). En el primero, realiza una crítica a la relación del psicoanálisis freudiano con la religión, con enfasis particular en la posible relación entre el pensamiento freudiano y la tradición judía del T...

Celý popis

Uloženo v:
Podrobná bibliografie
Hlavní autor: Merani, Alberto L. (autor)
Médium: Kniha
Jazyk:španělština
Vydáno: México : Grijalbo, 1974, c1974
Edice:(Colección 70 ; Tercera Serie) 137.
Témata:
Tagy: Přidat tag
Žádné tagy, Buďte první, kdo vytvoří štítek k tomuto záznamu!

MARC

LEADER 00000nam^a2200000^a^4500
001 000617914
005 20250711000000.0
009 20260310133749.452
037 |a Acervo ITESO - Biblioteca 
041 |a ESP 
082 |a 150. 1952  |b FRE EST MER 
100 |a Merani, Alberto L.  |e (autor) 
245 1 0 |a Freud y el Talmud :  |b seguido de Crítica de los fundamentos de la psicopatología /  |c A.L. Merani. 
264 4 |a México :  |b Grijalbo,  |c 1974, c1974 
300 |a 159 p. 
336 |a texto  |b txt  |2 rdacontenido 
337 |a sin mediación  |b n  |2 rdamedio 
338 |a volumen  |b nc  |2 rdasoporte 
440 1 |a (Colección 70 ;  |v 137.  |p Tercera Serie) 
520 |a Obra que reune dos trabajos de análisis crítico del psicólogo argentino Alberto L. Merani (1918-1984). En el primero, realiza una crítica a la relación del psicoanálisis freudiano con la religión, con enfasis particular en la posible relación entre el pensamiento freudiano y la tradición judía del Talmud. El segundo texto es una crítica a la forma en que el psicoanálisis ha estructurado los fundamentos de la psicopatología. 
649 |a XX 
650 |a Psicoanalistas Austríacos 
650 |a Talmud -  |x Tema Principal 
650 |a Judaísmo 
650 |a Psicopatología 
650 |a Psicoanálisis y Religión -  |x Tema Principal 
650 |a Psicoanálisis Freudiano -  |x Historia y Crítica 
650 |a Psicoanálisis -  |x Historia y Crítica 
650 |a Psicología Clínica 
650 |a Freud, Sigmund -  |x Tema Principal 
740 0 |a Crítica de los fundamentos de la psicopatología /  |c A.L. Merani. 
910 |a Fondo Castillo-Martínez 
920 |a Impresos - Libros 
930 |a Fondos Especiales 
905 |a 127 
901 |a 617914-10  |b IT2  |c ESP  |i D129507  |u 20250711 
902 |a https://opac.biblio.iteso.mx/vufind/Record/000617914